Statystyki dla Skoczkowie, którzy stanęli na podium w sezonie 2006/2007

Kliknij tutaj aby rozwiązać quiz!

Ogólne statystyki

  • Ten quiz został rozwiązany 47 razy
  • Średni wynik to 11 z 19

Statystyki odpowiedzi

Liczba
podiów
Skoczek/zawodnik% Poprawnych
13Adam Małysz
100%
5Thomas Morgenstern
84%
9Simon Ammann
82%
3Andreas Kofler
80%
7Gregor Schlierenzauer
80%
1Noriaki Kasai
73%
11Anders Jacobsen
70%
1Roar Ljøkelsøy
59%
1Anders Bardal
57%
4Andreas Küttel
57%
1Martin Schmitt
57%
4Matti Hautamäki
57%
3Martin Koch
52%
3Michael Uhrmann
50%
2Jernej Damjan
39%
1Arttu Lappi
34%
1Dmitriy Vassiliev
32%
1Rok Urbanc
23%
1Andrea Morassi
20%

Rozkład punktacji

Percentyl według liczby udzielonych odpowiedzi

Procent ludzi z każdym wynikiem

Twoja historia wyników

Nie rozwiązałeś tego quizu